Logo na R - Statystyki

Ogólne statystyki
  • Ten quiz został rozwiązany 39 razy
  • Średni wynik to 14 z 21
Statystyki odpowiedzi
Obrazkowy Hint Odpowiedź % Poprawnych
Radio Radio Muzyka Fakty
100%
Energetyk Red Bull
100%
Samochody Renault
100%
Drogeria Rossmann
97%
Telewizja Republika
91%
Biżuteria i zegarki Rolex
85%
Odzież Reebok
79%
RTV/AGD RTV Euro AGD
79%
Partia polityczna Razem
76%
Gra komputerowa Roblox
76%
Samochody Rolls Royce
73%
Linie lotnicze Ryanair
70%
Biuro podróży Rainbow
67%
Social media Reddit
67%
Odzież Ralph Lauren
61%
Rowery Romet
52%
Zespół muzyczny Rammstein
39%
Dla domu i ciała Rituals
33%
Gra Rummikub
33%
Katalog firm Rzetelna Firma
9%
Logistyka Rhenus
6%
Nie znaleziono quizów pasujących do podanych kryteriów
Rozkład punktacji
Procent ludzi z każdym wynikiem
Percentyl według liczby udzielonych odpowiedzi
Twoja historia wyników
Nie rozwiązałeś tego quizu